000 00360nam a22001337a 4500
008 230605b xxu||||| |||| 00| 0 eng d
020 _a0642714576
082 _a328.940
_bODG
100 _cOdgers J.R
_d2004
245 _aOdgers' Australian Senate
_b11th edition 2004
260 _aAustralia
_bCommonwealth of Australia
300 _axxv;754 p
942 _2ddc
_cBK
999 _c416
_d416